000 00627nam a2200193Ia 4500
005 20250508155927.0
008 008 250505s9999 xx 000 0 eng d
037 _aDissertations
040 _aFEDL
_beng
_cFEDL
041 _aeng
_2eng
084 _a370.153, SAC/DI
_qFEDL
100 _aSachdeva J K
_9767790
245 0 _aCritical study of the relationship between participation in extra class activities scholastic achievement and intelligence
260 _c1968
300 _a61p.
546 _aM. Ed. Dissertation (Punjab University)
942 _cDIS
_h370.153, SAC/DI
999 _c1360142
_d1360142